00746nam a2200241 a 4500001001300000003000900013005001700022008004100039020002300080082001600103100002400119245006500143260004400208300000900252500003500261650002400296700001600320700001900336902000800355942000700363952011700370999001700487nice12345678IN_TiNIC20260116014525.0100315s2009 usaa grp 000 0 eng  a9788230005170c30000a303.69bBAR aBarbara, Jack Santa aPeace Businessb People and Nature Above Markets and Capital aUSA bTranscend University Press c2009 a222p aincludes index and biblioraphy aPeace-Social Aspect1 aFred, Dubee1 aJohan, Galtung bSRS cBK 001040708StackRoom-aHMIbHMId2010-03-15g300.00l0o303.69 BARp023219r2010-03-15v300.00w2010-03-15yBK c15770d15770